[Event "ESP-ch States U16"]
[Site "Isla"]
[Date "2022.06.25"]
[Round "5"]
[White "Vergara Anton, Diego"]
[Black "Aguado Doncel, Pablo Luis"]
[Result "1-0"]
[WhiteElo "2193"]
[BlackElo "2157"]
[PlyCount "105"]
[EventDate "2022.06.23"]
[EventType "swiss"]
[EventRounds "6"]
[EventCountry "ESP"]
[SourceTitle "EXT 2023"]
[Source "ChessBase"]
[SourceDate "2022.10.05"]
[SourceVersion "1"]
[SourceVersionDate "2022.10.05"]
[SourceQuality "1"]

1. d4 d5 2. Nf3 Nf6 3. g3 c6 4. Bg2 Bf5 5. c4 e6 6. Nc3 h6 7. Qb3 Qb6 8. c5 Qxb3 9. axb3 Be7 10. b4 0-0 11. h3 Na6 12. b5 cxb5 13. Nxb5 Ne4 14. 0-0 f6 15. Nd2 Rfd8 16. Nxe4 dxe4 17. Be3 e5 18. dxe5 fxe5 19. Rfc1 Rdc8 20. Nd6 Bxd6 21. cxd6 Rxc1+ 22. Rxc1 Rd8 23. g4 Bg6 24. Bxa7 Rxd6 25. Be3 Rc6 26. Rd1 Kf8 27. Rd5 Re6 28. Rb5 Re7 29. Bd2 Kf7 30. Bc3 Nb8 31. Bxe5 Nc6 32. Bc3 Nd8 33. e3 Kg8 34. Kh2 Be8 35. Ra5 Nf7 36. Ra8 Kh7 37. Kg3 Bc6 38. Bf1 Ne5 39. Rd8 Nd7 40. Bd4 Ne5 41. Bc3 Nd7 42. Bc4 Nf6 43. h4 Bd7 44. Bxf6 gxf6 45. Bd5 f5 46. g5 hxg5 47. hxg5 Bc6 48. Kf4 Kg7 49. Rd6 Rc7 50. Bxc6 bxc6 51. Kxf5 Rb7 52. Kxe4 Rxb2 53. f4 1-0

[Event "Roquetas de Mar op 33rd"]
[Site "Roquetas de Mar"]
[Date "2022.01.06"]
[Round "4"]
[White "Vergara Anton, Diego"]
[Black "Gonzalez Perez, Arian"]
[Result "0-1"]
[WhiteElo "2211"]
[BlackElo "2450"]
[PlyCount "74"]
[EventDate "2022.01.04"]
[EventType "swiss"]
[EventRounds "9"]
[EventCountry "ESP"]
[SourceTitle "EXT 2023"]
[Source "ChessBase"]
[SourceDate "2022.10.05"]
[SourceVersion "1"]
[SourceVersionDate "2022.10.05"]
[SourceQuality "1"]

1. d4 Nf6 2. Nf3 d5 3. g3 c6 4. Bg2 Bf5 5. c4 e6 6. Nc3 Nbd7 7. Qb3 Qb6 8. c5 Qa6 9. Bf1 b5 10. Nh4 Qb7 11. Nxf5 exf5 12. a4 b4 13. Nb1 a5 14. Bh3 g6 15. Bf4 Be7 16. Nd2 0-0 17. 0-0 Rfe8 18. Bg5 Ng4 19. Bxe7 Rxe7 20. Qd3 Ngf6 21. Bg2 Rae8 22. e3 Ne4 23. Rfe1 h5 24. Nf3 Qc7 25. h4 Ndf6 26. Bh3 Nxg3 27. fxg3 Qxg3+ 28. Bg2 f4 29. Ne5 Rxe5 30. dxe5 Ng4 31. Qd1 Qf2+ 32. Kh1 Qxh4+ 33. Kg1 Qh2+ 34. Kf1 Nxe3+ 35. Rxe3 fxe3 36. Qf3 Rxe5 37. Ke2 Rg5 0-1

[Event "EU-ch Hybrid U14"]
[Site "Tornelo INT"]
[Date "2021.10.15"]
[Round "3"]
[White "Vergara Anton, Diego"]
[Black "Prazak, Daniel"]
[Result "1-0"]
[WhiteElo "2258"]
[BlackElo "1945"]
[PlyCount "61"]
[EventDate "2021.10.15"]
[EventType "swiss"]
[EventRounds "9"]
[EventCountry "NET"]
[SourceTitle "EXT 2023"]
[Source "ChessBase"]
[SourceDate "2022.10.05"]
[SourceVersion "1"]
[SourceVersionDate "2022.10.05"]
[SourceQuality "1"]
[WhiteTeam "Spain"]
[BlackTeam "Czech Republic"]
[WhiteTeamCountry "ESP"]
[BlackTeamCountry "CZE"]

1. d4 e6 2. Nf3 d5 3. g3 Nf6 4. Bg2 Be7 5. c4 0-0 6. Nc3 dxc4 7. Ne5 c5 8. dxc5 Bxc5 9. Qxd8 Rxd8 10. 0-0 Nbd7 11. Rd1 Re8 12. Nxc4 Rb8 13. Nb5 b6 14. Ncd6 Bxd6 15. Nxd6 Rd8 16. b4 Kf8 17. Bb2 Ba6 18. b5 Bc8 19. Rac1 Nc5 20. Be5 Bd7 21. Bf3 Ke7 22. a4 h6 23. a5 Kf8 24. axb6 axb6 25. Nc4 Bxb5 26. Bxb8 Rxb8 27. Nxb6 Nb3 28. Rc8+ Rxc8 29. Nxc8 Ba6 30. Rd8+ Ne8 31. Bc6 1-0

[Event "San Miguel op 27th"]
[Site "Trevias"]
[Date "2021.09.18"]
[Round "1"]
[White "Vergara Anton, Diego"]
[Black "Bajo Gutierrez, Ignacio"]
[Result "1-0"]
[WhiteElo "2211"]
[BlackElo "2254"]
[PlyCount "107"]
[EventDate "2021.09.18"]
[EventType "tourn"]
[EventRounds "7"]
[EventCountry "ESP"]
[SourceTitle "EXT 2022"]
[Source "ChessBase"]
[SourceDate "2021.10.06"]
[SourceVersion "1"]
[SourceVersionDate "2021.10.06"]
[SourceQuality "1"]

1. d4 Nf6 2. Nf3 g6 3. g3 d6 4. Bg2 Bg7 5. 0-0 0-0 6. b3 c5 7. c4 Ne4 8. Bb2 Nc6 9. e3 Qc7 10. Qe2 a6 11. dxc5 dxc5 12. Bxg7 Kxg7 13. Nfd2 Nxd2 14. Qxd2 Rd8 15. Qb2+ Qe5 16. Qxe5+ Nxe5 17. Nc3 Rb8 18. Rad1 Bg4 19. Rxd8 Rxd8 20. Bxb7 Rd2 21. Ne4 Rxa2 22. Nxc5 Be2 23. Rc1 a5 24. Be4 f5 25. Bg2 Kf6 26. h3 h6 27. Bf1 Nf3+ 28. Kg2 Bxf1+ 29. Rxf1 Nd2 30. Re1 Rb2 31. Ra1 Nxb3 32. Nxb3 Rxb3 33. Rxa5 Rc3 34. Ra6+ e6 35. Rc6 g5 36. Rc8 Ke5 37. g4 f4 38. Kf3 fxe3 39. fxe3 Rc1 40. Rh8 Rxc4 41. Rxh6 Rc1 42. Rg6 Rf1+ 43. Kg2 Re1 44. Kf2 Rh1 45. Rxg5+ Ke4 46. Kg3 Re1 47. Kf2 Rh1 48. Rh5 Rh2+ 49. Kg3 Re2 50. g5 Rxe3+ 51. Kg4 Re1 52. Rh4 e5 53. g6 Ra1 54. g7 1-0

[Event "Gijon"]
[Site "Gijon"]
[Date "2021.08.02"]
[Round "3"]
[White "Estevez Sacristan, Deva"]
[Black "Vergara Anton, Diego"]
[Result "0-1"]
[WhiteElo "1869"]
[BlackElo "2203"]
[PlyCount "194"]
[EventDate "2021.08.01"]
[EventType "tourn"]
[EventRounds "9"]
[EventCountry "ESP"]
[EventCategory "3"]
[SourceTitle "EXT 2022"]
[Source "ChessBase"]
[SourceDate "2021.10.06"]
[SourceVersion "1"]
[SourceVersionDate "2021.10.06"]
[SourceQuality "1"]

1. e4 e6 2. d4 d5 3. Nd2 Nf6 4. e5 Nfd7 5. Bd3 c5 6. c3 Nc6 7. Ne2 cxd4 8. cxd4 f6 9. exf6 Nxf6 10. Nf3 Bd6 11. 0-0 0-0 12. Bf4 Bxf4 13. Nxf4 Ne4 14. Qc1 Ng5 15. Nxg5 Qxg5 16. Bxh7+ Kxh7 17. Nxe6 Qxc1 18. Nxf8+ Kg8 19. Raxc1 Kxf8 20. Rfd1 Bf5 21. f3 g5 22. a3 Ke7 23. Kf2 Rh8 24. h3 Kd6 25. b4 a6 26. Rc3 Bd7 27. Re3 Rh4 28. Red3 Ne7 29. R3d2 Rh8 30. Rc1 Ng6 31. Rc3 Nf4 32. Rc1 Ne6 33. Ke3 Rh4 34. Rh1 Rh8 35. Rc1 Bb5 36. Rc3 Nf4 37. Kf2 Ne6 38. Ke3 Rh4 39. Rc1 Ng7 40. Kf2 Rh8 41. Rc3 Ne6 42. Rc1 Bc4 43. Rh1 Nf4 44. Kg3 Rh4 45. Kf2 Ng6 46. g3 Rh8 47. Kg2 Bb5 48. Rc2 Bd7 49. Rc3 Bf5 50. Rcc1 Bd7 51. Rc2 Ne7 52. g4 Ng6 53. Kg3 Re8 54. Kf2 Ba4 55. Rd2 Rc8 56. Re1 Bb5 57. Re3 Rc1 58. Re1 Rc4 59. Re3 Bd7 60. Kg3 Rc1 61. Rb3 Rg1+ 62. Kf2 Rh1 63. Kg2 Rc1 64. Kg3 Bb5 65. Re3 Rg1+ 66. Kh2 Rc1 67. Kg3 Rc8 68. Kf2 Rh8 69. Kg3 Bc4 70. Re1 Rf8 71. Re3 Bb5 72. Rc3 Re8 73. Rd1 Nf4 74. Kh2 Re2+ 75. Kh1 Nxh3 76. Rdc1 Bc4 77. R3c2 Re3 78. Rc3 Re7 79. R3c2 Nf4 80. Kh2 Rh7+ 81. Kg1 Ne2+ 82. Rxe2 Bxe2 83. Kf2 Bb5 84. Rc8 Ke6 85. Rg8 Kf6 86. Rf8+ Rf7 87. Rd8 Rd7 88. Rf8+ Kg7 89. Rf5 Kg6 90. Re5 Rf7 91. Ke3 Rf6 92. Re7 b6 93. Re5 Bd7 94. Rxd5 Bc6 95. Re5 Bxf3 96. Re8 Bxg4 97. d5 Bd7 0-1